चिलिका (Record no. 891582)

MARC details
000 -LEADER
fixed length control field 01100nam a2200289Ia 4500
003 - CONTROL NUMBER IDENTIFIER
control field OSt
005 - DATE AND TIME OF LATEST TRANSACTION
control field 20220930190059.0
008 - FIXED-LENGTH DATA ELEMENTS--GENERAL INFORMATION
fixed length control field ORI
037 ## - SOURCE OF ACQUISITION
Terms of availability Textbook
040 ## - CATALOGING SOURCE
Original cataloging agency CRL
Transcribing agency CRL
Language of cataloging ORI
041 ## - LANGUAGE CODE
Source of code ORI
Language code of text/sound track or separate title ORI
100 ## - MAIN ENTRY--PERSONAL NAME
Personal name राय, राधानाथ
245 #0 - TITLE STATEMENT
Title चिलिका
Remainder of title उड़िया भाषा का खण्ड काव्य
246 ## - VARYING FORM OF TITLE
Title proper/short title Hari nārāyaṇ āpaṭe
250 ## - EDITION STATEMENT
Edition statement द्वितीय संस्करण
260 ## - PUBLICATION, DISTRIBUTION, ETC.
Place of publication, distribution, etc. नई दिल्ली,
Name of publisher, distributor, etc. साहित्य अकादेमी, भारत
Date of publication, distribution, etc. 1970
300 ## - PHYSICAL DESCRIPTION
Extent 66पृ0
Dimensions cm.
650 ## - SUBJECT ADDED ENTRY--TOPICAL TERM
Topical term or geographic name entry element उड़िया साहित्य
700 ## - ADDED ENTRY--PERSONAL NAME
Personal name नवलपुरी, युगजीत, अनु.
942 ## - ADDED ENTRY ELEMENTS (KOHA)
Classification part O1591,1M48x, 152L0
Koha item type Textbook
Source of classification or shelving scheme Colon Classification (CC)

No items available.

Copyright @ Delhi University Library System